01170nam a2200265Ia 450000500170000000800410001702000180005804000180007604100080009408200210010210000310012324500840015425000120023826000540025030000300030465000330033465000430036765000280041065000550043870000280049394200300052199900190055195201700057095201640074020230710141944.0210716s2003 xx 000 0 und d a9788181472069 cAIMIT LIBRARY aeng a004.65 23bPETL aPeterson, Larry L.9126223 aComputer networks: bsystems approach /cBy Larry L Peterson and Bruce S Davie. a3rd ed. aNew Delhi :bReed Elsevier India Pvt Ltd ,c2003. axxvii,813p. ;bPBc24 cm. aDirect link networks9126224 aImplementation and performance9126225 aInternetworking9126226 aCongestion control and resource allocation9126227 aDavie, Bruce S.9126228 2ddccBKe3rdk004.65 PETL c185995d185995 00102ddc40708MCAaAIMITbAIMITePremier Bookshopg395.00iBill no:355/Dec/2003; Bill dt:20l0o004.65 PETLpMCA05503r2025-07-21 00:00:00v316.00w2021-07-16yBK 00102ddc40708MCAaAIMITbAIMITeBook Worldg395.00iBill no:2629; Bill dt:2004-01-27l0o004.65 PETLpMCA05593r2025-07-21 00:00:00v335.75w2021-07-16yBK